000 00522nam a22002057a 4500
003 LK-CoMWRAF
005 20231014224313.0
008 231014b |||||||| |||| 00| 0 eng d
020 _a9789559034087
040 _aLK-CoMWRAF
_dLK-CoMWRAF
_eLK-CoMWRAF
041 _aeng
082 _a823
_bWIT
100 _aWitanachchi, Lalitha K
245 _aThe Wind blows over the hills
260 _c2002
300 _a42p. ; 21cm
650 _aShort stories
650 _aEnglish Sri Lankan fiction ( English )
942 _cBK
999 _c3870
_d3870